000
00243 a2200097 4500
001
52003
100
_a
Talley D
245
_a
Basic Electronic Switching for Telephone Systems
260
_a
New York
_b
Hayden Book Co.
_c
090
_c
32810
_d
32810
942
_a
NUST-CAE
_c
M
_c
25348
999
_c
287076
_d
287076